Normal view
MARC view
Entry Personal Name
001 - CONTROL NUMBER
- control field: 304842
003 - CONTROL NUMBER IDENTIFIER
- control field: DLC
005 - DATE AND TIME OF LATEST TRANSACTION
- control field: 20211122204320.0
008 - FIXED-LENGTH DATA ELEMENTS
- fixed length control field: 950823n| azannaabn |n aaa c
010 ## - LIBRARY OF CONGRESS CONTROL NUMBER
- LC control number: no 95040480
035 ## - SYSTEM CONTROL NUMBER
- System control number: (OCoLC)oca03904294
040 ## - CATALOGING SOURCE
- Original cataloging agency: NcU
- Language of cataloging: eng
- Description conventions: rda
- Transcribing agency: NcU
- Modifying agency: NmU
- Modifying agency: DLC
046 ## - SPECIAL CODED DATES
- Birth date: 1956-03-07
- Death date: 2019-02-14
- Source of date scheme: edtf
053 #0 - LC CLASSIFICATION NUMBER
- Classification number element--single number or beginning number of span: PR6112.E889
100 1# - HEADING--PERSONAL NAME
- Personal name: Levy, Andrea,
- Dates associated with a name: 1956-2019
370 ## - ASSOCIATED PLACE
- Place of birth: London (England)
- Source of term: naf
370 ## - ASSOCIATED PLACE
- Place of birth: Andrea Doreen
- Source of term: naf
374 ## - OCCUPATION
- Occupation: Authors
- Source of term: lcsh
375 ## - GENDER
- Gender: female
377 ## - ASSOCIATED LANGUAGE
- Language code: eng
670 ## - SOURCE DATA FOUND
- Source citation: Every light in the house burnin', 1994:
- Information found: t.p. (Andrea Levy) jkt. (b. 1956 in London)
670 ## - SOURCE DATA FOUND
- Source citation: Andrea Levy, 2014:
- Information found: ECIP data view (born 1956; she is an English author, born in London to Jamaican parents who immigrated to England in 1948; most recent awards: 2010: Man Booker Prize, shortlist, The Long Song ; 2011: Walter Scott Prize, winner, The Long Song)
670 ## - SOURCE DATA FOUND
- Source citation: New York times WWW site, viewed Feb. 15, 2019
- Information found: (Andrea Levy; b. 1956, London; d. Thursday night [Feb. 14, 2019], aged 62; prizewinning author whose novels chronicled the experience of Jamaican immigrants in Britain)
670 ## - SOURCE DATA FOUND
- Source citation: Guardian WWW site, viewed Feb. 15, 2019
- Information found: (Andrea Levy; b. Andrea Doreen Levy, Mar. 7, 1956, London; d. Feb. 14, 2019; prize-winning author of Small island and The long song whose novels explored the intertwined histories of Britain and Jamaica)